000 00417nam a22001457a 4500
082 _a621.384.
_bFUN.
_cL-11 , P-82
100 _aEveritt, W.L.
_941669
245 _aFundamentals of Radio and Electronics
_cEveritt, W.L.
250 _a2nd ed.
260 _aN.J.
_bPrentice Hall
_cc1958.
300 _av, 805 p. :
_bill. ;
_c18cm.
526 _a0
_b0
_c0
_d621_384000000000000__FUN
650 _aMCE
_9379
942 _2ddc
_cBK
999 _c545714
_d545714